000 00546nam a2200229 a 4500
001 nice12345678
003 IN_TiNIC
005 20260116014930.0
008 070926s1973 lona grp 000 0 eng
020 _a0281027846
_c100
082 0 0 _a296.09
_bHEN
100 _aHengel, Martin
245 _aVictory Over Violence
260 _aLondon
_bSPCK
_c1973
300 _a93p
500 _aincludes index and biblioraphy
650 _aJudaism-History
700 1 _aHengel, Martin
902 _bSRS
942 _cBK
999 _c17600
_d17600